Vplyv mazania na životnosť klzných ložísk kompresora 82K5214 pri premenlivej záťaži

Salvato in:
Dettagli Bibliografici
Autore principale: Nikodém, Robert (Autore)
Altri autori: Pecháček, František (Relatore della tesi)
Natura: Manoscritto Libro
Lingua:slovacco
Pubblicazione: 2017
Soggetti:
Accesso online:http://is.stuba.sk/zp/portal_zp.pl?podrobnosti=126718
Tags: Aggiungi Tag
Nessun Tag, puoi essere il primo ad aggiungerne!!

MARC

LEADER 00000ntm a22000003a 4500
001 stuzp62588
003 SK-STU
005 20170624211654.2
007 ta
008 150427s2015----xo-----f-mn---000-0-slo-d
040 |a STU  |b slo 
041 0 |a slo 
100 1 |a Nikodém, Robert  |u 063000  |4 aut  |U MTF Materiálovotechnologická fakulta  |T MTF Ústav výrobných technológií  |X 58142  |U M3000  |Y 83  |7 58142 
242 0 1 |a Lubrication effect on the life of plain bearings 82K5214 compressor with variable load  |y eng 
245 1 0 |a Vplyv mazania na životnosť klzných ložísk kompresora 82K5214 pri premenlivej záťaži 
260 |c 2017 
650 4 |a údržba  |2 slo 
650 4 |a efektivita  |2 slo 
650 4 |a optimalizácia  |2 slo 
650 4 |a strojné zariadenia  |2 slo 
650 4 |a náklady  |2 slo 
650 4 |a maintenance  |2 eng 
650 4 |a optimizing  |2 eng 
650 4 |a effectiveness  |2 eng 
650 4 |a machinery  |2 eng 
650 4 |a cost  |2 eng 
700 1 |a Pecháček, František  |u 063800  |k Z1  |4 ths  |U MTF Ústav výrobných technológií  |T MTF Katedra výrobných systémov, metrológie a montáže  |X 218  |U M3800  |Y 660  |7 A000000218 
856 4 |u http://is.stuba.sk/zp/portal_zp.pl?podrobnosti=126718 
996 |c M* DP-13027  |l MMSKP  |s P  |a 0  |w stuzp62588_0001